Statistics for Landlocked Countries that Start with Letter A

Click here to take the quiz!

General Stats

  • This quiz has been taken 72 times
  • The average score is 5 of 5

Answer Stats

Country% Correct
Andorra
96%
Armenia
93%
Austria
93%
Azerbaijan
91%
Afghanistan
84%

Score Distribution

Percentile by Number Answered

Percent of People with Each Score

Your Score History

You have not taken this quiz